[Event "Titled Tue 27th May Early"]
[Site "chess.com INT"]
[Date "2025.05.27"]
[Round "4"]
[White "Aghaei, Alireza"]
[Black "Rushbrooke, Remy"]
[Result "1/2-1/2"]
[WhiteTitle "CM"]
[WhiteElo "2204"]
[BlackElo "2090"]
[WhiteFideId "12509914"]
[BlackFideId "443590"]
[EventDate "2025.05.27"]

1. e4 c5 2. Nc3 Nc6 3. Bb5 Nd4 4. Bc4 e6 5. Nge2 Qc7 6. O-O a6 7. a4 Nf6 8. d3
Be7 9. Nxd4 cxd4 10. Ne2 Nxe4 11. Nxd4 O-O 12. Ba2 Nf6 13. Nf3 d6 14. d4 Bd7 15.
c3 b5 16. Bb3 bxa4 17. Bxa4 Bxa4 18. Rxa4 d5 19. Bg5 Ne4 20. Bxe7 Qxe7 21. Qa1
Qb7 22. Qa3 Rfb8 23. Rb4 Qc8 24. Ra1 Rxb4 25. Qxb4 Rb8 26. Qa3 h6 27. h3 Qb7 28.
Ra2 Qb5 29. b4 Rb6 30. Ne5 f6 31. Ng6 Kf7 32. Nf4 Rc6 33. Ne2 Qd3 34. f3 Qd1+
35. Kh2 Nd2 36. Ng3 Nf1+ 37. Nxf1 Qxf1 38. Qa4 Qc4 39. Ra3 g5 40. Qa5 Kg6 41.
Qd8 h5 42. Qg8+ Kf5 43. Qh7+ Kf4 44. Qc2 h4 45. Qc1+ Kf5 46. Qc2+ Kf4 47. Qd2+
Kf5 48. Qc2+ Kf4 1/2-1/2

[Event "Titled Tue 27th May Early"]
[Site "chess.com INT"]
[Date "2025.05.27"]
[Round "4"]
[White "Danzer, George"]
[Black "Yevchenko, Oleksandr"]
[Result "1-0"]
[WhiteTitle "CM"]
[BlackTitle "CM"]
[WhiteElo "2172"]
[BlackElo "2276"]
[WhiteFideId "4659465"]
[BlackFideId "14108267"]
[EventDate "2025.05.27"]

1. e4 c5 2. Nf3 d6 3. d4 cxd4 4. Nxd4 Nf6 5. Nc3 a6 6. Bg5 e6 7. f4 Be7 8. Qf3
Qc7 9. O-O-O Nbd7 10. Bd3 b5 11. a3 Bb7 12. Rhe1 Nc5 13. Bxf6 gxf6 14. f5 O-O-O
15. Qh5 Rhf8 16. Qh3 Qd7 17. Kb1 Kb8 18. Qxh7 e5 19. Ndxb5 Nxd3 20. Nxd6 Nxe1
21. Nxf7 Qc7 22. Nxd8 Bxd8 23. Qxc7+ Bxc7 24. Rxe1 Rg8 25. g3 Bb6 26. Kc1 Rh8
27. Re2 Bd4 28. Nd5 Rh6 29. c4 Kc8 30. b4 Kd7 31. Kc2 Bg1 32. h4 Bd4 33. Kd3 a5
34. Ra2 a4 35. Rc2 Ke8 36. Ke2 Kf7 37. Kf3 Rh8 38. c5 Bc6 39. Nc7 Rc8 40. Ne6 1-0

[Event "Titled Tue 27th May Early"]
[Site "chess.com INT"]
[Date "2025.05.27"]
[Round "4"]
[White "Khandhadia, Nivaan Rathin"]
[Black "Montano Vicente, Guadalupe"]
[Result "0-1"]
[WhiteTitle "CM"]
[WhiteElo "2112"]
[BlackElo "1940"]
[WhiteFideId "25753274"]
[BlackFideId "5181399"]
[EventDate "2025.05.27"]

1. d4 Nf6 2. c4 g6 3. Nc3 Bg7 4. e4 d6 5. Be2 O-O 6. Nf3 Qe8 7. O-O e5 8. d5 a5
9. a3 Bd7 10. Bd2 Na6 11. Rb1 Nc5 12. Qc2 a4 13. Be3 b6 14. Bxc5 bxc5 15. b4
axb3 16. Rxb3 Ba4 17. Nxa4 Qxa4 18. Rfb1 Bh6 19. Bd3 Nh5 20. g3 Nf6 21. Rc3 Qxc2
22. Bxc2 Ra7 23. Rcb3 Nd7 24. Rb7 Rfa8 25. a4 Nb6 26. Rxa7 Rxa7 27. Ra1 Ra5 28.
Bb3 Kf8 29. Ne1 f5 30. f3 Ke7 31. Nc2 Bd2 32. Kf2 Bc3 33. Ra2 Bd4+ 34. Ke2 Kd7
35. Nxd4 exd4 36. Kd3 Ke7 37. exf5 gxf5 38. g4 fxg4 39. fxg4 Kf6 40. h4 Kg6 41.
Ke4 Kf6 42. g5+ Kg6 43. Kf4 Kh5 0-1

[Event "Titled Tue 27th May Early"]
[Site "chess.com INT"]
[Date "2025.05.27"]
[Round "4"]
[White "Rubes, Jan"]
[Black "Mihajlovskij, Sergei"]
[Result "1-0"]
[WhiteTitle "IM"]
[WhiteElo "2426"]
[BlackElo "2292"]
[WhiteFideId "338176"]
[BlackFideId "13500805"]
[EventDate "2025.05.27"]

1. d4 Nf6 2. Nc3 d5 3. Bf4 e6 4. Nb5 Na6 5. e3 c6 6. Nc3 Bb4 7. Bd3 Nc7 8. Nf3
Ne4 9. Bxe4 dxe4 10. Nd2 f5 11. Qh5+ g6 12. Qh6 Bf8 13. Qh3 Bg7 14. Qg3 Nd5 15.
Be5 Bxe5 16. Qxe5 Qf6 17. Qxf6 Nxf6 18. Nc4 Ke7 19. h4 b6 20. a4 Bb7 21. a5 b5
22. a6 Bc8 23. Ne5 Bd7 24. Nb1 Rhc8 25. b4 Nd5 26. c3 Rcb8 27. Ra3 Rb6 28. Nd2
Bc8 29. Ke2 Rxa6 30. Rha1 Rxa3 31. Rxa3 Bd7 32. Kd1 Nb6 33. Kc2 Kd6 34. Nb3 Be8
35. Nc5 h6 36. Ra6 g5 37. hxg5 hxg5 38. Ra1 Nc4 39. Nxc4+ bxc4 40. Rh1 a5 41.
bxa5 Rxa5 42. Nb7+ Kc7 43. Nxa5 1-0

[Event "Titled Tue 27th May Early"]
[Site "chess.com INT"]
[Date "2025.05.27"]
[Round "4"]
[White "Altynbek, Aiaru"]
[Black "Perry, Patrick"]
[Result "0-1"]
[WhiteTitle "WFM"]
[WhiteElo "1977"]
[BlackElo "2296"]
[WhiteFideId "13752472"]
[BlackFideId "30917727"]
[EventDate "2025.05.27"]

1. d4 Nf6 2. Nf3 c5 3. d5 e6 4. c4 exd5 5. cxd5 d6 6. Nc3 Nbd7 7. e4 Be7 8. Be2
O-O 9. Be3 Re8 10. Nd2 Nf8 11. O-O Ng6 12. f4 Bf8 13. Qc2 b6 14. a4 Bb7 15. Nc4
a6 16. Rad1 b5 17. axb5 axb5 18. Nxb5 Nxe4 19. Bf3 Nf6 20. Bc1 Ba6 21. Nba3 Nd7
22. Rfe1 Rxe1+ 23. Rxe1 Nb6 24. Na5 Qd7 25. Nc6 Re8 26. Rxe8 Qxe8 27. Bd2 Be2
28. Qc3 Nh4 29. Kf2 Bxf3 30. gxf3 Nf5 31. Qd3 g6 32. Be3 Bg7 33. Bd2 Bxb2 34.
Nc4 Nxc4 35. Qxc4 Bd4+ 36. Nxd4 Nxd4 37. Be3 Qb5 38. Qxb5 Nxb5 39. Ke2 Nc3+ 40.
Kd3 Nxd5 41. Bd2 Ne7 42. Kc4 Nf5 43. Kb5 Kf8 44. Kc6 Ke7 45. Bc3 Ke6 46. Bb2 Nh4
47. Ba3 Nxf3 48. Kc7 Nd4 49. Kb6 Ne2 50. Kc6 Nxf4 51. Kc7 Nd3 52. Kc6 Ne5+ 53.
Kb5 f5 0-1

[Event "Titled Tue 27th May Early"]
[Site "chess.com INT"]
[Date "2025.05.27"]
[Round "4"]
[White "Darmanin, Jake"]
[Black "Dauer, Andre Leonardo"]
[Result "0-1"]
[WhiteTitle "CM"]
[BlackTitle "CM"]
[WhiteElo "2065"]
[BlackElo "2138"]
[WhiteFideId "5601061"]
[BlackFideId "2126915"]
[EventDate "2025.05.27"]

1. e4 e6 2. d4 d5 3. Nc3 Nf6 4. e5 Nfd7 5. f4 c5 6. Nf3 Nc6 7. Be3 Qb6 8. a3
cxd4 9. Nxd4 Nxd4 10. Bxd4 Bc5 11. Na4 Qa5+ 12. Nc3 Bxd4 13. Qxd4 O-O 14. O-O-O
a6 15. f5 Qc5 16. Qf4 Qc7 17. Re1 Rd8 18. Bd3 Nf8 19. Rhf1 exf5 20. Bxf5 d4 21.
Ne4 Bxf5 22. Qxf5 Rac8 23. Nd6 g6 24. Qd3 Rxd6 25. exd6 Qxd6 26. Re4 Ne6 27. Rf6
Qxh2 28. Qf1 d3 29. Qxd3 Qh1+ 30. Rf1 Qxg2 31. Qe2 Qg5+ 32. Kb1 Rc6 33. Qf3 Qe7
34. Qh3 Qc7 35. Re2 Nf4 36. Re8+ Kg7 37. Qh2 Ne6 38. Qxc7 Rxc7 39. Rb8 h5 40.
Rh1 Rd7 41. Kc1 Nf4 42. Re8 g5 43. Re5 f6 44. Rf5 Kg6 45. Rc5 h4 46. b4 h3 47.
Rc3 Ne2+ 48. Kb2 Nxc3 49. Kxc3 g4 50. Kc4 f5 51. Kc5 Kg5 52. Kb6 Kh4 0-1

[Event "Titled Tue 27th May Early"]
[Site "chess.com INT"]
[Date "2025.05.27"]
[Round "4"]
[White "Wu, Derek"]
[Black "Reprintsev, Alexander"]
[Result "1-0"]
[WhiteTitle "FM"]
[BlackTitle "IM"]
[WhiteElo "2232"]
[BlackElo "2256"]
[WhiteFideId "30914558"]
[BlackFideId "14100541"]
[EventDate "2025.05.27"]

1. d4 d5 2. c4 e5 3. dxe5 d4 4. Nf3 Nc6 5. a3 g6 6. g3 Bg7 7. Bg5 Qd7 8. Bf4 h6
9. h4 Nge7 10. Nbd2 O-O 11. Ne4 Qe6 12. Rc1 f5 13. Nc5 Qf7 14. Bg2 Rd8 15. Qd2
Kh7 16. b4 b6 17. Nb3 Bb7 18. h5 g5 19. Bxg5 d3 20. Bf4 dxe2 21. Qxe2 a5 22. b5
Na7 23. O-O a4 24. Nbd4 Be4 25. e6 Qf8 26. Rfd1 c5 27. bxc6 Naxc6 28. Nb5 Rac8
29. Nd6 Ra8 30. Nxe4 fxe4 31. Qxe4+ Kg8 32. Nh4 Rxd1+ 33. Rxd1 Rc8 34. Rd7 Qe8
35. Ng6 Nxg6 36. hxg6 Ne7 37. Be5 Bxe5 38. Qxe5 Rxc4 39. Qf6 Qxg6 40. Qxe7 Rc1+
41. Bf1 1-0

[Event "Titled Tue 27th May Early"]
[Site "chess.com INT"]
[Date "2025.05.27"]
[Round "4"]
[White "Demchenko, Yaroslav"]
[Black "Skliarov, Viktor"]
[Result "1-0"]
[WhiteTitle "CM"]
[BlackTitle "IM"]
[WhiteElo "2286"]
[BlackElo "2334"]
[WhiteFideId "14186667"]
[BlackFideId "14106736"]
[EventDate "2025.05.27"]

1. Nf3 g6 2. d4 Bg7 3. b3 Nf6 4. Bb2 O-O 5. e3 d6 6. Be2 Nbd7 7. O-O b6 8. c4
Bb7 9. b4 a5 10. a3 Ne4 11. Nbd2 axb4 12. axb4 Rxa1 13. Bxa1 Qa8 14. d5 Nc3 15.
Bxc3 Bxc3 16. Qb3 Bg7 17. h4 b5 18. e4 bxc4 19. Nxc4 Qa7 20. Na5 Rb8 21. Rc1 Ba8
22. Qc4 Rc8 23. Qa6 Qb8 24. Bb5 Ne5 25. Nxe5 Bxe5 26. Bd7 Rf8 27. b5 Bd4 28. Bc6
Bb6 29. Nc4 Bc5 30. Na5 Qb6 31. Rc2 h5 32. g3 Kg7 33. Kg2 Qb8 34. Rb2 e6 35. Rc2
exd5 36. exd5 Qd8 37. Nb3 Bb6 38. Na5 Bxc6 39. Nxc6 Qf6 40. Qa4 Re8 41. Qc4 Qf5
42. Re2 Rxe2 43. Qxe2 Qxd5+ 44. Kh2 Qxb5 45. Qxb5 Bxf2 46. Qb2+ Kh7 47. Qxf2 1-0

[Event "Titled Tue 27th May Early"]
[Site "chess.com INT"]
[Date "2025.05.27"]
[Round "4"]
[White "Nan, M K Khine Hlyan"]
[Black "Yglesias Herrera, Michel"]
[Result "0-1"]
[WhiteTitle "WFM"]
[BlackTitle "CM"]
[WhiteElo "1984"]
[BlackElo "2100"]
[WhiteFideId "13002899"]
[BlackFideId "3510840"]
[EventDate "2025.05.27"]

1. e4 c5 2. f4 d5 3. e5 Nc6 4. Nf3 Nh6 5. d4 Bg4 6. c3 e6 7. Bb5 cxd4 8. Bxc6+
bxc6 9. cxd4 Be7 10. Nbd2 O-O 11. O-O c5 12. dxc5 Bxc5+ 13. Kh1 Rc8 14. Nb3 Bb6
15. h3 Bf5 16. g4 Be4 17. Nd4 Qh4 18. Kh2 Nxg4+ 19. Kg2 Nh6 20. f5 exf5 21. Bxh6
Qxh6 22. Rc1 Rxc1 23. Qxc1 Qxc1 24. Rxc1 Bxd4 25. Kg3 Bxf3 26. Kxf3 Bxe5 27. Rc5
Rd8 28. Ke3 Kf8 29. Kd3 Ke7 30. Ra5 Rd7 31. b4 g5 32. Rc5 h5 33. Rc1 Ke6 34. Rg1
g4 35. hxg4 hxg4 36. Rh1 f6 37. Re1 Rc7 38. a4 Rc3+ 39. Kd2 Rb3 40. b5 Ra3 41.
Rc1 Rxa4 42. Rc6+ Bd6 43. Ke2 Ke5 44. Ke3 Ra3+ 45. Kf2 Rb3 46. Ra6 Rxb5 47. Kg3
Rb3+ 48. Kf2 Rf3+ 49. Ke2 Bc5 50. Rc6 Bb6 51. Rc8 Kf4 52. Re8 Re3+ 53. Rxe3 Bxe3
54. Kd3 g3 55. Ke2 g2 56. Kd3 g1=Q 57. Kc3 Qc1+ 58. Kd3 Qc4# 0-1

[Event "Titled Tue 27th May Early"]
[Site "chess.com INT"]
[Date "2025.05.27"]
[Round "4"]
[White "Vusatiuk, Vladimir"]
[Black "Daspres, Loic"]
[Result "1-0"]
[WhiteTitle "IM"]
[BlackTitle "CM"]
[WhiteElo "2286"]
[BlackElo "2207"]
[WhiteFideId "14118610"]
[BlackFideId "20612281"]
[EventDate "2025.05.27"]

1. e4 c5 2. Nf3 e6 3. c3 Nf6 4. Qc2 d5 5. e5 Nfd7 6. d4 Nc6 7. Be3 Be7 8. Be2
O-O 9. O-O b6 10. Nbd2 f6 11. exf6 Bxf6 12. Bd3 g6 13. Bh6 Bg7 14. Bxg7 Kxg7 15.
Rae1 Qf6 16. dxc5 bxc5 17. b3 e5 18. Bb5 Bb7 19. c4 e4 20. cxd5 exf3 21. dxc6
fxg2 22. Kxg2 Bxc6+ 23. Bxc6 Qxc6+ 24. f3 Nf6 25. Re7+ Rf7 26. Rfe1 Rf8 27. Qc4
Qd6 28. Rxf7+ Rxf7 29. Ne4 Nxe4 30. Qxe4 a5 31. Qe5+ Qxe5 32. Rxe5 Rc7 33. Kf2
Kf6 34. f4 h6 35. Ke3 g5 36. Re4 Kf5 37. h3 gxf4+ 38. Rxf4+ Kg5 39. Rg4+ Kf6 40.
Kd3 Ke5 41. Rh4 Rc6 42. Kc4 a4 43. bxa4 Kf5 44. Rh5+ Kf4 45. Rxc5 Ra6 46. Kb4
Ra8 47. a5 h5 48. Rxh5 Kg3 49. a4 Rb8+ 50. Rb5 Re8 51. a6 Kxh3 52. a7 Ra8 53.
Rb7 Kg4 54. Ka5 Kf5 55. Kb6 1-0

[Event "Titled Tue 27th May Early"]
[Site "chess.com INT"]
[Date "2025.05.27"]
[Round "4"]
[White "Agarwal, Amaya"]
[Black "Toroptseva, Yevheniia"]
[Result "1/2-1/2"]
[WhiteTitle "WCM"]
[BlackTitle "WFM"]
[WhiteElo "2004"]
[BlackElo "2064"]
[WhiteFideId "48733580"]
[BlackFideId "34109374"]
[EventDate "2025.05.27"]

1. e4 Nc6 2. d4 d5 3. exd5 Qxd5 4. Nf3 e6 5. Be2 Nf6 6. O-O Qd7 7. Nc3 Bb4 8.
Bg5 Bxc3 9. Bxf6 Bxb2 10. Bxg7 Rg8 11. Rb1 Ba3 12. Be5 b6 13. Bb5 Bb7 14. Qd3
Be7 15. Bg3 O-O-O 16. Ba6 Kb8 17. Bxb7 Kxb7 18. c4 Bd6 19. c5 Bxg3 20. fxg3 Nxd4
21. Qe4+ Nc6 22. cxb6 cxb6 23. Rfd1 Qc7 24. Rxd8 Rxd8 25. Qxh7 Qd7 26. Qe4 f5
27. Qa4 Qd3 28. Qb3 Qxb3 29. axb3 Rd3 30. Ne1 Re3 31. b4 Re5 32. Nf3 Rb5 33. Kf2
Rxb4 34. Rd1 Rc4 35. Rd7+ Ka6 36. Rf7 Kb5 37. Rf6 Re4 38. Ng5 Re5 39. Nxe6 a5
40. Nc7+ Kc5 41. Na6+ Kb5 42. Nc7+ Kc5 43. Na6+ Kd5 44. Nc7+ Kc5 1/2-1/2

[Event "Titled Tue 27th May Early"]
[Site "chess.com INT"]
[Date "2025.05.27"]
[Round "4"]
[White "Zozek Salah Mohammed"]
[Black "Kislinsky, Alexey"]
[Result "1-0"]
[WhiteTitle "FM"]
[BlackTitle "GM"]
[WhiteElo "2205"]
[BlackElo "2350"]
[WhiteFideId "4803361"]
[BlackFideId "14108801"]
[EventDate "2025.05.27"]

1. d4 d5 2. Nf3 Nf6 3. g3 e6 4. Bg2 Be7 5. O-O O-O 6. c4 c6 7. Nc3 Nbd7 8. Nd2
b6 9. e4 dxe4 10. Ndxe4 Bb7 11. Bf4 Nxe4 12. Nxe4 Nf6 13. Re1 Nxe4 14. Bxe4 Bf6
15. Qc2 g6 16. Rad1 Qd7 17. c5 Rfd8 18. Bd6 Be7 19. Bxe7 Qxe7 20. b4 a5 21. a3
axb4 22. axb4 Qc7 23. h4 Rd7 24. h5 Kg7 25. hxg6 hxg6 26. Bxg6 Rad8 27. Bxf7
Rxf7 28. Rxe6 Rf6 29. Rde1 Rxe6 30. Rxe6 Qf7 31. Qe4 Rd7 32. Qe5+ Kh7 33. Re8
Kg6 34. Re6+ Kh7 35. Rf6 Qe7 36. Qf5+ Kg8 37. Qg5+ Qg7 38. Rg6 Qxg6 39. Qxg6+
Rg7 40. Qe8+ Kh7 41. Qe4+ Kh8 42. cxb6 Kg8 43. Qe6+ Kf8 44. Qd6+ Kg8 45. Qb8+
Kh7 46. Qd6 Kg8 47. Kf1 Kh7 48. f3 Kg8 49. Kf2 Rf7 50. f4 Kg7 51. g4 Rf6 52. Qe5
Kf7 53. g5 Re6 54. g6+ Rxg6 55. Qc7+ 1-0

[Event "Titled Tue 27th May Early"]
[Site "chess.com INT"]
[Date "2025.05.27"]
[Round "4"]
[White "Huseynova, Lala"]
[Black "Kikuchi Cadilhac, Mariana Sawae"]
[Result "1/2-1/2"]
[WhiteTitle "WFM"]
[BlackTitle "WFM"]
[WhiteElo "2123"]
[BlackElo "1849"]
[WhiteFideId "13431781"]
[BlackFideId "2144433"]
[EventDate "2025.05.27"]

1. e4 c6 2. Nf3 d5 3. Nc3 dxe4 4. Nxe4 Nf6 5. Qe2 e6 6. Nxf6+ Qxf6 7. c3 h6 8.
d4 Nd7 9. g3 Bd6 10. Bg2 O-O 11. O-O b5 12. Ne5 Nxe5 13. dxe5 Bxe5 14. Bxc6 Rb8
15. Be3 Bb7 16. Qxb5 Bxc6 17. Qxc6 Rxb2 18. Bxa7 Bxc3 19. Bc5 Rfb8 20. Rac1 Bd4
21. Bxd4 Qxd4 22. a4 Ra2 23. Rc4 Qa7 24. Rfc1 Rbb2 25. R4c2 Rxc2 26. Rxc2 Rxc2
27. Qxc2 Qa5 28. Qb3 Qe1+ 29. Kg2 Qe4+ 30. Kf1 Qh1+ 31. Ke2 Qxh2 32. a5 Qh5+ 33.
Kf1 Qxa5 34. Qb8+ Kh7 35. Qb1+ g6 36. Qb7 Qa1+ 37. Kg2 Qf6 38. Qc7 Kg7 39. Qa7
h5 40. Qa4 e5 41. Qb4 g5 42. Qb2 g4 43. Qc3 Qf3+ 44. Qxf3 gxf3+ 45. Kxf3 Kf6 46.
Ke4 Ke6 47. f4 exf4 48. Kxf4 f5 49. Kg5 Ke5 50. Kxh5 f4 51. gxf4+ Kxf4 1/2-1/2

[Event "Titled Tue 27th May Early"]
[Site "chess.com INT"]
[Date "2025.05.27"]
[Round "4"]
[White "Papasimakopoulos, Alexandros"]
[Black "Fragkos, Vasileios"]
[Result "1-0"]
[WhiteTitle "IM"]
[BlackTitle "CM"]
[WhiteElo "2366"]
[BlackElo "2176"]
[WhiteFideId "4244125"]
[BlackFideId "25832646"]
[EventDate "2025.05.27"]

1. d4 g6 2. c4 Bg7 3. e4 d6 4. Nc3 e5 5. Nge2 Nc6 6. Be3 exd4 7. Nxd4 Nge7 8.
Be2 O-O 9. O-O f5 10. Nxc6 Nxc6 11. Qd2 Qf6 12. Nd5 Qf7 13. exf5 Bxf5 14. Rae1
Rae8 15. Bh6 Be4 16. Bxg7 Qxg7 17. Nc3 Bf5 18. Bf3 Bc8 19. Bd5+ Kh8 20. f4 Nd4
21. Nb5 Nxb5 22. cxb5 Bd7 23. a4 c6 24. bxc6 bxc6 25. Bf3 d5 26. b4 Be6 27. Rc1
Qb7 28. Rc5 Kg8 29. Rfc1 Rc8 30. h4 Rb8 31. Rxc6 Bf7 32. b5 Rfd8 33. h5 a6 34.
hxg6 hxg6 35. Rxa6 Qe7 36. Qd4 Re8 37. Ra7 Rb7 38. Rxb7 Qxb7 39. Rc6 Qe7 40. Rc1
Qh4 41. Qd2 Qf6 42. a5 d4 43. b6 Qd6 44. b7 Be6 45. Rc6 Qa3 46. Rxe6 Rb8 47.
Rxg6+ Kf7 48. Rb6 Qc5 49. Rc6 Qa7 50. a6 d3+ 51. Kf1 Rh8 52. g3 1-0

[Event "Titled Tue 27th May Early"]
[Site "chess.com INT"]
[Date "2025.05.27"]
[Round "4"]
[White "Asish Panda"]
[Black "Gyurjinyan, Valter"]
[Result "0-1"]
[BlackTitle "CM"]
[WhiteElo "1911"]
[BlackElo "2208"]
[WhiteFideId "45012458"]
[BlackFideId "13318179"]
[EventDate "2025.05.27"]

1. e4 c5 2. Nf3 d6 3. d4 cxd4 4. Qxd4 a6 5. Nc3 Nc6 6. Qd2 Nf6 7. b3 g6 8. Bb2
Bg7 9. O-O-O O-O 10. Bd3 b5 11. Kb1 Bb7 12. h4 h5 13. Ng5 Rc8 14. f4 Ng4 15. f5
Nce5 16. fxg6 Nxg6 17. Rhf1 Qa5 18. Nd5 Qxd2 19. Nxe7+ Nxe7 20. Rxd2 Bxb2 21.
Kxb2 Ng6 22. Be2 N6e5 23. Rxd6 Ne3 24. Rc1 Rfd8 25. Rxd8+ Rxd8 26. Bxh5 Rd2 27.
g3 b4 28. Kb1 f6 29. Ne6 Bxe4 30. Re1 Bf5 31. Rxe3 Bxe6 32. Kc1 Rg2 33. Re4 Bf5
34. Rxb4 Rxc2+ 35. Kd1 Rxa2 36. Rb6 Kg7 37. Be2 Bg4 38. Bxg4 Nxg4 39. Kc1 Ne5
40. Kb1 Rg2 41. Rxa6 Rxg3 42. Ka2 f5 43. Re6 Nd3 44. h5 f4 45. Rd6 Nc1+ 46. Kb2
Nxb3 47. h6+ Kh7 48. Rf6 Nc5 49. Rxf4 Nd3+ 50. Kc2 Nxf4 0-1

[Event "Titled Tue 27th May Early"]
[Site "chess.com INT"]
[Date "2025.05.27"]
[Round "4"]
[White "Miranda Camus, Joaquin Ignacio"]
[Black "Hiwale, Ronak"]
[Result "1-0"]
[WhiteTitle "FM"]
[WhiteElo "2196"]
[BlackElo "2105"]
[WhiteFideId "3449300"]
[BlackFideId "30975336"]
[EventDate "2025.05.27"]

1. Nf3 g6 2. h4 Nf6 3. h5 Nxh5 4. Rxh5 gxh5 5. e4 d6 6. d4 Bg7 7. Bc4 Bg4 8. Nc3
Nc6 9. Be3 Qd7 10. Qd2 Bxf3 11. gxf3 e6 12. O-O-O O-O-O 13. d5 Ne5 14. Bb5 Qe7
15. Bxa7 Nxf3 16. Qe2 Bxc3 17. bxc3 Qf6 18. Kb2 exd5 19. exd5 Rhg8 20. Bc6 bxc6
21. dxc6 Rde8 22. Qb5 Kd8 23. Qb8+ Ke7 24. Qxc7+ Kf8 25. Rxd6 Qe7 26. Rd7 Qe6
27. Bc5+ Kg7 28. Qg3+ Qg4 29. Qc7 Rb8+ 30. Ka3 Qf5 31. Bb4 Ra8+ 32. Kb2 Rgc8 33.
Qg3+ Qg4 34. Qd6 Ra6 35. c4 Raxc6 36. Bc3+ Nd4 37. Bxd4+ Qxd4+ 38. Qxd4+ Rf6 39.
Rd6 Rb8+ 40. Kc3 Kf8 41. Qxf6 Kg8 42. Rd8+ Rxd8 43. Qxd8+ Kg7 44. Qg5+ Kf8 45.
Qxh5 Ke7 46. c5 f5 47. c6 Ke6 48. Qxh7 Kd6 49. Qxf5 Kxc6 50. Qe4+ Kb5 51. f4 Kc5
52. f5 Kb5 53. Kd2 Kc5 54. Kc1 Kb5 55. f6 Kc5 56. f7 Kb5 57. f8=Q Ka6 58. Qfa8+
Kb5 59. Qac6+ Ka5 60. Qea4# 1-0

[Event "Titled Tue 27th May Early"]
[Site "chess.com INT"]
[Date "2025.05.27"]
[Round "4"]
[White "Guliev, Gasan"]
[Black "Duarte Cramer, Lily Jeanette"]
[Result "1-0"]
[WhiteTitle "CM"]
[BlackTitle "WCM"]
[WhiteElo "2123"]
[BlackElo "1828"]
[WhiteFideId "34165638"]
[BlackFideId "29620180"]
[EventDate "2025.05.27"]

1. d4 d5 2. Nc3 Nf6 3. Bf4 c5 4. e3 a6 5. Nf3 Nc6 6. Be2 Bg4 7. h3 Bh5 8. O-O e6
9. Ne5 Nxe5 10. Bxe5 Bxe2 11. Qxe2 Nd7 12. Bg3 cxd4 13. exd4 Be7 14. Rad1 O-O
15. Rfe1 Bf6 16. Qd3 Rc8 17. Ne2 Qb6 18. b3 Qa5 19. a4 Rc6 20. c4 dxc4 21. bxc4
Qxa4 22. d5 Rxc4 23. dxe6 Nc5 24. exf7+ Kh8 25. Qd6 Nd7 26. Qxd7 Qxd7 27. Rxd7
Rcc8 28. Bd6 Rxf7 29. Rxf7 h6 30. Rxb7 Rc6 31. Bg3 a5 32. Ra7 Rc5 33. Nf4 Kh7
34. h4 Bd4 35. Ne6 Rd5 36. Nxd4 Rxd4 37. Rxg7+ Kxg7 38. Be5+ Kg6 39. Bxd4 a4 40.
Ra1 a3 41. Rxa3 Kh5 42. g3 Kg4 43. Kg2 Kh5 44. Ra6 Kg4 45. f3+ Kh5 46. g4+ Kxh4
47. Bf2+ Kg5 48. Be3+ Kh4 49. Rxh6# 1-0

[Event "Titled Tue 27th May Early"]
[Site "chess.com INT"]
[Date "2025.05.27"]
[Round "4"]
[White "Aarit Kapil"]
[Black "Jimenez Salas, Maria Teresa"]
[Result "1-0"]
[WhiteTitle "CM"]
[BlackTitle "WIM"]
[WhiteElo "2098"]
[BlackElo "2137"]
[WhiteFideId "33408947"]
[BlackFideId "3843866"]
[EventDate "2025.05.27"]

1. e4 c5 2. Nf3 Nc6 3. d4 cxd4 4. Nxd4 Nf6 5. Nc3 d6 6. Be3 Ng4 7. Bc1 Qb6 8.
Bb5 e5 9. Nd5 Qxd4 10. Qxd4 exd4 11. Nc7+ Kd8 12. Nxa8 Bd7 13. Bd2 Kc8 14. h3
Nf6 15. f3 Kb8 16. Nb6 axb6 17. O-O-O h5 18. Bf4 h4 19. Bxc6 bxc6 20. Rxd4 Kc7
21. Rhd1 Ne8 22. c4 c5 23. R4d2 f6 24. a3 g5 25. Bh2 Rh7 26. b4 Ba4 27. Re1 Bb3
28. Kb2 Bxc4 29. bxc5 bxc5 30. Rc1 Ba6 31. Rxc5+ Kb6 32. Rc3 Rb7 33. Bg1+ Ka5+
34. Ka2 Nc7 35. Rdc2 Nb5 36. Rc6 Na7 37. Rc7 d5 38. Rxb7 Bxb7 39. Bxa7 dxe4 40.
fxe4 Bxe4 41. Rf2 f5 42. Bd4 Ka4 43. Kb2 Bxa3+ 44. Kc3 Be7 45. Kc4 g4 46. Ra2+
Ba3 47. Bc5 Bd3+ 48. Kxd3 Kb5 49. Rxa3 Kxc5 50. Ra5+ Kd6 51. Rxf5 gxh3 52. gxh3
Ke6 53. Rf4 1-0

[Event "Titled Tue 27th May Early"]
[Site "chess.com INT"]
[Date "2025.05.27"]
[Round "4"]
[White "Teterev, Vitaly"]
[Black "Mitrabha, Guha"]
[Result "1-0"]
[WhiteTitle "GM"]
[BlackTitle "GM"]
[WhiteElo "2258"]
[BlackElo "2515"]
[WhiteFideId "13501429"]
[BlackFideId "5057000"]
[EventDate "2025.05.27"]

1. Nf3 Nf6 2. g3 b6 3. Bg2 Bb7 4. O-O c5 5. d3 d5 6. Nbd2 e6 7. e4 Be7 8. Re1
dxe4 9. dxe4 Nc6 10. e5 Nd7 11. h4 Qc7 12. Nc4 O-O 13. Bf4 Rad8 14. Qe2 Nd4 15.
Nxd4 cxd4 16. Bxb7 Qxb7 17. Rad1 Nc5 18. Nd6 Bxd6 19. exd6 Qd5 20. c4 Qf5 21.
Rxd4 Nd7 22. Bg5 Rc8 23. Be7 Rfe8 24. Rf4 Qa5 25. Rxf7 e5 26. Rf3 Qxa2 27. Ra3
Qxc4 28. Qxc4+ Rxc4 29. Rxa7 Nc5 30. d7 Nxd7 31. Rxd7 e4 32. Bd6 Rc2 33. Bf4
Rxb2 34. Rc1 e3 35. Bxe3 Rb4 36. Rcc7 Rg4 37. Bxb6 h6 38. Be3 Re6 39. Kg2 h5 40.
Rd5 Ra4 41. Rxh5 Ra2 42. Kf3 Rf6+ 43. Kg4 Ra4+ 44. Kh3 Ra1 45. Rg5 g6 46. Kg2
Rd6 47. Rb5 Ra8 48. Rbb7 Re8 49. Rg7+ Kf8 50. Rh7 Kg8 51. Bh6 Rd7 52. Rbxd7 Re7
53. Rdxe7 g5 54. Reg7+ Kf8 55. Rh8# 1-0

[Event "Titled Tue 27th May Early"]
[Site "chess.com INT"]
[Date "2025.05.27"]
[Round "4"]
[White "Kopczynski, Michal"]
[Black "Papaioannou, Dimitrios"]
[Result "1-0"]
[WhiteTitle "CM"]
[BlackTitle "CM"]
[WhiteElo "2225"]
[BlackElo "2200"]
[WhiteFideId "1124200"]
[BlackFideId "25865137"]
[EventDate "2025.05.27"]

1. e4 c5 2. d4 cxd4 3. c3 dxc3 4. Nxc3 e6 5. f4 Nc6 6. Nf3 Bb4 7. Bd3 Nge7 8.
O-O O-O 9. Kh1 d6 10. Be3 Bc5 11. Bxc5 dxc5 12. e5 Ng6 13. Ng5 Ncxe5 14. Qh5 h6
15. Nxf7 Rxf7 16. Bxg6 Nxg6 17. Qxg6 Bd7 18. Rad1 Qf6 19. Qxf6 gxf6 20. Ne4 Bb5
21. Rf3 b6 22. Rg3+ Kh8 23. Rg6 Raf8 24. Rxh6+ Kg7 25. Rh3 Bc6 26. Ng3 Kg8 27.
Nh5 Rd7 28. Rxd7 Bxd7 29. Rd3 Bb5 30. Rd6 Kf7 31. f5 Bc4 32. fxe6+ Bxe6 33. Nf4
Bxa2 34. Rd7+ Kg8 35. Rxa7 Re8 36. h4 Bf7 37. Rb7 Re4 38. g3 Rb4 39. Kh2 Rxb2+
40. Kh3 f5 41. h5 Rb3 42. Kh4 Kg7 43. Kg5 Rxg3+ 44. Kxf5 Kf8 45. Rxb6 c4 46. Rc6
Ke7 47. Rc7+ Ke8 48. h6 Rg1 49. h7 Kf8 50. h8=Q+ 1-0